| 000 | 00592nam a2200181 i 4500 | ||
|---|---|---|---|
| 001 | 30597 | ||
| 003 | ES-MaACL | ||
| 005 | 20251003063044.0 | ||
| 007 | t| | ||
| 008 | 030127m19711973sp ||||1| spa d | ||
| 100 | 1 |
_aBeltrán de Heredia, Vicente, _d1885-1973 _927359 |
|
| 245 | 1 | 0 |
_aMiscelánea _b: colección de artículos sobre historia de la Teología española / _cVicente Beltrán de Heredia. |
| 260 |
_aSalamanca : _b[s.n., _c1971-1973] |
||
| 300 |
_a4 v. ; _c25 cm. |
||
| 500 | _aSon los tomos 1,2,3 y 4. | ||
| 852 |
_aES-MaACL _jP-1511 _bR.81543 |
||
| 999 |
_c30597 _d30597 |
||